[Event "FRA-ch High Schools"]
[Site "Asnieres sur Seine"]
[Date "2018.05.06"]
[Round "9.5"]
[White "Leveque, Guillaume"]
[Black "Pruvot, Louis"]
[Result "1/2-1/2"]
[WhiteElo "2180"]
[BlackElo "2151"]
[PlyCount "95"]
[EventDate "2018.05.12"]
[EventType "swiss (rapid)"]
[EventRounds "17"]
[EventCountry "FRA"]
[SourceTitle "EXT 2019"]
[Source "ChessBase"]
[SourceDate "2018.10.10"]
[SourceVersion "1"]
[SourceVersionDate "2018.10.10"]
[SourceQuality "1"]

1. e4 e5 2. Nf3 Nc6 3. Bb5 a6 4. Ba4 Nf6 5. 0-0 b5 6. Bb3 Bb7 7. Re1 Bc5 8. c3 0-0 9. h3 d6 10. d3 h6 11. Nbd2 Re8 12. Nf1 Bb6 13. Ng3 d5 14. Be3 d4 15. cxd4 Nxd4 16. Bxd4 Bxd4 17. Nxd4 Qxd4 18. Nf5 Qd8 19. Qf3 Bc8 20. Rac1 Be6 21. Bxe6 Rxe6 22. Rc2 Qd7 23. Rec1 Ne8 24. Qg4 h5 25. Qg3 c6 26. Rc5 Rd8 27. Rxe5 Qxd3 28. Qxd3 Rxd3 29. Rxe6 fxe6 30. Ne7+ Kf7 31. Nxc6 Rd2 32. Rb1 Nd6 33. f3 Nc4 34. Nb4 a5 35. Nc6 a4 36. b3 axb3 37. Rxb3 Rxa2 38. Rxb5 Ne3 39. Rxh5 Rxg2+ 40. Kh1 Rg3 41. Kh2 Rg2+ 42. Kh1 Rg3 43. Kh2 Rg2+ 44. Kh1 Rg3 45. Ne5+ Kf6 46. Ng4+ Nxg4 47. fxg4 Re3 48. Ra5 1/2-1/2

[Event "FRA-ch High Schools"]
[Site "Asnieres sur Seine"]
[Date "2018.05.06"]
[Round "8.5"]
[White "Pruvot, Louis"]
[Black "Bertrand, Quentin"]
[Result "1/2-1/2"]
[WhiteElo "2151"]
[BlackElo "2156"]
[PlyCount "63"]
[EventDate "2018.05.12"]
[EventType "swiss (rapid)"]
[EventRounds "17"]
[EventCountry "FRA"]
[SourceTitle "EXT 2019"]
[Source "ChessBase"]
[SourceDate "2018.10.10"]
[SourceVersion "1"]
[SourceVersionDate "2018.10.10"]
[SourceQuality "1"]

1. d4 Nf6 2. c4 e6 3. Nf3 Bb4+ 4. Bd2 Qe7 5. g3 Nc6 6. Nc3 Bxc3 7. Bxc3 Ne4 8. Qc2 f5 9. Bg2 0-0 10. 0-0 a5 11. a3 Nxc3 12. Qxc3 a4 13. d5 Nd8 14. dxe6 Nxe6 15. Rad1 d6 16. Rfe1 Nc5 17. Nd2 Bd7 18. Nf1 Rae8 19. Ne3 Bc6 20. Nd5 Qd7 21. e3 Kh8 22. Rd4 Qf7 23. Rdd1 Re5 24. Qc2 Rfe8 25. Re2 Ne4 26. Nb4 Bd7 27. Nd3 Ra5 28. Rc1 b6 29. Nf4 Rc5 30. Nd3 Ra5 31. Nf4 Rc5 32. Nd3 1/2-1/2

[Event "BL2-Nord 1617"]
[Site "Germany"]
[Date "2016.12.04"]
[Round "3.6"]
[White "Pruvot, Louis"]
[Black "Junge, Ralf"]
[Result "0-1"]
[WhiteElo "2170"]
[BlackElo "2271"]
[PlyCount "76"]
[EventDate "2016.10.16"]
[EventType "team-tourn"]
[EventRounds "9"]
[EventCountry "GER"]
[SourceTitle "EXT 2018"]
[Source "ChessBase"]
[SourceDate "2017.10.13"]
[SourceVersion "1"]
[SourceVersionDate "2017.10.13"]
[SourceQuality "1"]
[WhiteTeam "Berlin SF II"]
[BlackTeam "Kiel Turm"]
[WhiteTeamCountry "GER"]
[BlackTeamCountry "GER"]

1. d4 e6 2. c4 b6 3. Nf3 Bb7 4. g3 Bb4+ 5. Bd2 Bxf3 6. exf3 Bxd2+ 7. Qxd2 d5 8. cxd5 Qxd5 9. Qf4 Nf6 10. Nc3 Qd7 11. Bc4 0-0 12. 0-0 Nc6 13. Rfd1 Ne7 14. Rac1 Rad8 15. Bb3 c6 16. Ne4 Nfd5 17. Qh4 h6 18. Ba4 f5 19. Nd2 Ng6 20. Qh5 Ndf4 21. gxf4 Nxf4 22. Qh4 Ne2+ 23. Kf1 Nxc1 24. Nc4 Nxa2 25. Ne5 Qd5 26. Bxc6 Qb3 27. Rd2 Qb4 28. Qf4 Qd6 29. Qe3 Nb4 30. Ba4 Nd5 31. Qe2 Rc8 32. Rc2 Rxc2 33. Qxc2 Kh7 34. Bb3 b5 35. Qd2 a6 36. Qc1 a5 37. Ba2 Nb4 38. Bb3 a4 0-1

[Event "Paris-ch 91st"]
[Site "Paris"]
[Date "2016.07.14"]
[Round "6"]
[White "Pruvot, Louis"]
[Black "Duquesne, Adrien"]
[Result "1-0"]
[WhiteElo "2216"]
[BlackElo "2241"]
[PlyCount "61"]
[EventDate "2016.07.09"]
[EventType "swiss"]
[EventRounds "9"]
[EventCountry "FRA"]
[SourceTitle "CBM 173 Extra"]
[Source "ChessBase"]
[SourceDate "2016.08.29"]
[SourceVersion "1"]
[SourceVersionDate "2016.08.29"]
[SourceQuality "1"]

1. d4 c5 2. d5 e5 3. c4 d6 4. Nc3 g6 5. g3 Bg7 6. Bg2 f5 7. e4 Nf6 8. Nge2 0-0 9. 0-0 Nbd7 10. Qc2 fxe4 11. Bg5 h6 12. Bd2 Kh7 13. Rad1 Qe8 14. Nb5 Qe7 15. b3 a6 16. Nbc3 Qf7 17. h3 Rb8 18. g4 b5 19. Ng3 Rd8 20. g5 b4 21. Ncxe4 Nxe4 22. Nxe4 Qe7 23. f4 Rf8 24. Ng3 hxg5 25. f5 Nb6 26. fxg6+ Kg8 27. Rxf8+ Bxf8 28. Rf1 Qd8 29. g7 Bxg7 30. Qg6 Rb7 31. Be4 1-0

[Event "Paris-ch 91st"]
[Site "Paris"]
[Date "2016.07.10"]
[Round "2"]
[White "Pruvot, Louis"]
[Black "Roser, Kevin"]
[Result "1/2-1/2"]
[WhiteElo "2216"]
[BlackElo "2394"]
[PlyCount "64"]
[EventDate "2016.07.09"]
[EventType "swiss"]
[EventRounds "9"]
[EventCountry "FRA"]
[SourceTitle "CBM 173 Extra"]
[Source "ChessBase"]
[SourceDate "2016.08.29"]
[SourceVersion "1"]
[SourceVersionDate "2016.08.29"]
[SourceQuality "1"]

1. d4 Nf6 2. c4 e6 3. Nf3 c5 4. d5 d6 5. Nc3 exd5 6. cxd5 g6 7. Bf4 a6 8. a4 Bg7 9. h3 0-0 10. e3 Re8 11. Be2 Ne4 12. Rc1 Nd7 13. 0-0 Ndf6 14. Qb3 b6 15. Rfd1 Bb7 16. Ne1 Rb8 17. Nc2 Nxc3 18. bxc3 Ne4 19. Na3 Qf6 20. Bf3 b5 21. Bxe4 Rxe4 22. axb5 axb5 23. Qxb5 Ree8 24. Rb1 Ra8 25. Qxb7 Rxa3 26. Qc6 Rd8 27. Rb7 Rxc3 28. Rdb1 g5 29. Bg3 h5 30. Rb8 Rxb8 31. Rxb8+ Kh7 32. Rb1 Qf5 1/2-1/2

[Event "Paris-ch op 90th"]
[Site "Paris"]
[Date "2015.07.10"]
[Round "7"]
[White "Pruvot, Louis"]
[Black "Le Ruyet, Leopold"]
[Result "0-1"]
[WhiteElo "2213"]
[BlackElo "2238"]
[PlyCount "62"]
[EventDate "2015.07.04"]
[EventType "swiss"]
[EventRounds "9"]
[EventCountry "FRA"]
[SourceTitle "CBM 167 Extra"]
[Source "ChessBase"]
[SourceDate "2015.09.14"]
[SourceVersion "1"]
[SourceVersionDate "2015.09.14"]
[SourceQuality "1"]

1. d4 f5 2. g3 Nf6 3. Bg2 e6 4. c4 c6 5. Nh3 Be7 6. 0-0 0-0 7. b3 d6 8. Bb2 Qc7 9. f4 Ng4 10. Qd3 e5 11. e4 Na6 12. fxe5 dxe5 13. exf5 exd4 14. Rf4 Ne5 15. Qe2 Bxf5 16. Nd2 Bc5 17. Nf2 Ng6 18. Rxd4 Rae8 19. Qh5 Qb6 20. Nf3 Ne5 21. Rad1 Bg6 22. Qxe5 Rxe5 23. Nxe5 Bxd4 24. Bxd4 Qc7 25. Nxg6 hxg6 26. Be4 Rd8 27. c5 Nxc5 28. Bxg6 Ne6 29. Bc3 Rxd1+ 30. Nxd1 Qd6 31. Nf2 Nf4 0-1

[Event "Paris-ch op 90th"]
[Site "Paris"]
[Date "2015.07.09"]
[Round "6"]
[White "Veys, Vincent"]
[Black "Pruvot, Louis"]
[Result "1-0"]
[WhiteElo "2375"]
[BlackElo "2213"]
[PlyCount "77"]
[EventDate "2015.07.04"]
[EventType "swiss"]
[EventRounds "9"]
[EventCountry "FRA"]
[SourceTitle "CBM 167 Extra"]
[Source "ChessBase"]
[SourceDate "2015.09.14"]
[SourceVersion "1"]
[SourceVersionDate "2015.09.14"]
[SourceQuality "1"]

1. e4 c5 2. Nf3 d6 3. d4 Nf6 4. Nc3 cxd4 5. Nxd4 a6 6. Be2 e6 7. 0-0 Be7 8. Be3 0-0 9. Kh1 Qc7 10. a4 b6 11. f4 Bb7 12. Bf3 Nbd7 13. Qe2 Rac8 14. Rad1 Nc5 15. Bg1 Rfd8 16. f5 e5 17. Nb3 Ncd7 18. g4 Qc4 19. Qg2 b5 20. Na5 Qc7 21. Nxb7 Qxb7 22. g5 Ne8 23. f6 Bf8 24. fxg7 Nxg7 25. Nd5 Ne6 26. Be3 Nf4 27. Bxf4 exf4 28. Bg4 Bg7 29. Nf6+ Kh8 30. Nxd7 Rxd7 31. Bxd7 Qxd7 32. Rxf4 Bxb2 33. Rdf1 Rf8 34. axb5 axb5 35. Qf3 Kg8 36. Qh5 Qe6 37. Rh4 Qg6 38. Qxg6+ hxg6 39. Rb1 1-0

[Event "Paris-ch op 90th"]
[Site "Paris"]
[Date "2015.07.07"]
[Round "4"]
[White "Pruvot, Louis"]
[Black "Payen, Arnaud"]
[Result "0-1"]
[WhiteElo "2213"]
[BlackElo "2329"]
[PlyCount "42"]
[EventDate "2015.07.04"]
[EventType "swiss"]
[EventRounds "9"]
[EventCountry "FRA"]
[SourceTitle "CBM 167 Extra"]
[Source "ChessBase"]
[SourceDate "2015.09.14"]
[SourceVersion "1"]
[SourceVersionDate "2015.09.14"]
[SourceQuality "1"]

1. d4 d5 2. c4 dxc4 3. Nf3 Nf6 4. e3 e6 5. Bxc4 c5 6. Qe2 cxd4 7. exd4 Be7 8. 0-0 Nc6 9. Rd1 0-0 10. Nc3 Na5 11. Bd3 b6 12. Bg5 Bb7 13. Rac1 Rc8 14. Bb1 Nc4 15. Ne5 Nd6 16. Qd3 g6 17. b4 Nd5 18. Bxe7 Qxe7 19. Nxd5 Bxd5 20. b5 Rxc1 21. Rxc1 Qg5 0-1

[Event "Paris-ch op 90th"]
[Site "Paris"]
[Date "2015.07.04"]
[Round "1"]
[White "Onkoud, Abdelaziz"]
[Black "Pruvot, Louis"]
[Result "1-0"]
[WhiteElo "2308"]
[BlackElo "2213"]
[PlyCount "83"]
[EventDate "2015.07.04"]
[EventType "swiss"]
[EventRounds "9"]
[EventCountry "FRA"]
[SourceTitle "CBM 167 Extra"]
[Source "ChessBase"]
[SourceDate "2015.09.14"]
[SourceVersion "1"]
[SourceVersionDate "2015.09.14"]
[SourceQuality "1"]

1. Nf3 d5 2. c4 c6 3. b3 Nf6 4. Bb2 Bf5 5. g3 e6 6. Bg2 h6 7. 0-0 Be7 8. d3 0-0 9. Na3 a5 10. Nc2 Bh7 11. Qc1 Na6 12. Bc3 b5 13. Ne5 Rc8 14. a3 Qb6 15. Qd2 b4 16. axb4 axb4 17. Bd4 c5 18. Bb2 Nc7 19. d4 Rfd8 20. cxd5 Ncxd5 21. Nc4 Qc7 22. Rfc1 Ne4 23. Qe1 Bf6 24. e3 Qb8 25. Ra6 Nd6 26. Rxd6 Rxd6 27. e4 Rdd8 28. exd5 exd5 29. N4e3 Qa7 30. Ra1 Qb7 31. Qd2 Ra8 32. Rxa8 Qxa8 33. Ng4 Bg5 34. Nce3 h5 35. h4 Be7 36. Ne5 Be4 37. Bxe4 dxe4 38. d5 Bf6 39. Nc6 Re8 40. Bxf6 gxf6 41. Qb2 Kg7 42. Nf5+ 1-0

[Event "FRA-chT U20 16 GP Haute 1213"]
[Site "France"]
[Date "2013.05.20"]
[Round "11"]
[White "Pruvot, Louis"]
[Black "Richard, Francois"]
[Result "1-0"]
[WhiteElo "2163"]
[BlackElo "1759"]
[PlyCount "91"]
[EventDate "2012.12.01"]
[EventType "team"]
[EventRounds "11"]
[EventCountry "FRA"]
[SourceTitle "EXT 2014"]
[Source "ChessBase"]
[SourceDate "2013.11.20"]
[SourceVersion "1"]
[SourceVersionDate "2013.11.20"]
[SourceQuality "1"]
[WhiteTeam "Creteil (U20)"]
[BlackTeam "Nancy (U20)"]
[WhiteTeamCountry "FRA"]
[BlackTeamCountry "FRA"]

1. d4 d5 2. c4 e6 3. Nf3 c5 4. cxd5 exd5 5. g3 Nc6 6. Nc3 Nf6 7. Bg2 Be7 8. Bg5 cxd4 9. Nxd4 h6 10. Bf4 0-0 11. 0-0 Bg4 12. h3 Be6 13. Rc1 Rc8 14. a3 Re8 15. Qa4 Na5 16. Ncb5 Nc4 17. b3 a6 18. Nc7 Bd7 19. Qxd7 Qxd7 20. Nxe8 Qxe8 21. bxc4 Rxc4 22. Rfd1 Bxa3 23. Rxc4 dxc4 24. Bxb7 Qa4 25. Ra1 Qb4 26. Bxa6 Bb2 27. Rb1 Qa3 28. Bxc4 Bxd4 29. Rb8+ Kh7 30. Kg2 Qc5 31. Bd3+ g6 32. Rb5 Qc6+ 33. f3 Nd5 34. Bd2 Bc3 35. Bc1 Be1 36. Bb2 Ne3+ 37. Kh2 Qc7 38. Be5 Qa7 39. h4 Nf1+ 40. Kh3 Qd7+ 41. g4 Qe7 42. g5 hxg5 43. Bb2 Qd7+ 44. Kg2 Ne3+ 45. Kh2 gxh4 46. Rh5+ 1-0

[Event "FRA-chT U20 16 GP Haute 1213"]
[Site "France"]
[Date "2013.05.18"]
[Round "8"]
[White "Bellahcene, Bilel"]
[Black "Pruvot, Louis"]
[Result "1/2-1/2"]
[WhiteElo "2354"]
[BlackElo "2163"]
[PlyCount "69"]
[EventDate "2012.12.01"]
[EventType "team"]
[EventRounds "11"]
[EventCountry "FRA"]
[SourceTitle "EXT 2014"]
[Source "ChessBase"]
[SourceDate "2013.11.20"]
[SourceVersion "1"]
[SourceVersionDate "2013.11.20"]
[SourceQuality "1"]
[WhiteTeam "Bischwiller (U20)"]
[BlackTeam "Creteil (U20)"]
[WhiteTeamCountry "FRA"]
[BlackTeamCountry "FRA"]

1. d4 d5 2. c4 e6 3. Nf3 Nf6 4. g3 dxc4 5. Bg2 a6 6. 0-0 Nc6 7. e3 Rb8 8. Qe2 b5 9. b3 cxb3 10. axb3 Bb7 11. Rd1 Be7 12. Nc3 0-0 13. e4 Nb4 14. Bf4 Rc8 15. Rac1 Qe8 16. Bh3 c6 17. Ne1 Rd8 18. Bc7 Ra8 19. Bg2 Rc8 20. Bf4 Nd7 21. h4 c5 22. d5 e5 23. Be3 Bd6 24. Nb1 Qe7 25. Bh3 Rc7 26. Ng2 Nf6 27. Qf3 Bc8 28. g4 h5 29. gxh5 Bxh3 30. Qxh3 Nfxd5 31. exd5 Qg5 32. Bxg5 g6 33. h6 f5 34. Nc3 Kh7 35. Ne3 1/2-1/2

[Event "FRA-ch U16"]
[Site "Saint Paul Trois Chateaux"]
[Date "2013.05.05"]
[Round "8"]
[White "Pruvot, Louis"]
[Black "Marie, Florian"]
[Result "1-0"]
[WhiteElo "2160"]
[BlackElo "1721"]
[PlyCount "103"]
[EventDate "2013.04.28"]
[EventType "swiss"]
[EventRounds "9"]
[EventCountry "FRA"]
[SourceTitle "CBM 154 Extra"]
[Source "ChessBase"]
[SourceDate "2013.06.25"]
[SourceVersion "2"]
[SourceVersionDate "2013.06.25"]
[SourceQuality "1"]

1. d4 Nf6 2. Nf3 g6 3. c4 Bg7 4. Nc3 0-0 5. e4 d6 6. h3 e5 7. d5 Nh5 8. Nh2 Nf4 9. g3 Nxh3 10. Nf3 g5 11. Rxh3 g4 12. Rh2 gxf3 13. Qxf3 Qf6 14. Qxf6 Bxf6 15. Bh3 Bxh3 16. Rxh3 Nd7 17. Ke2 Bg7 18. g4 f6 19. Bd2 Rf7 20. Nd1 Nf8 21. b4 c6 22. dxc6 bxc6 23. Rd3 Rd7 24. b5 cxb5 25. cxb5 Ne6 26. Be3 Rc8 27. Nc3 Kf7 28. Rad1 Bf8 29. Nd5 Rb7 30. Rb1 Rc4 31. f3 Nc5 32. Rc3 Ra4 33. Rc2 Ke6 34. Kf2 h5 35. Bxc5 dxc5 36. gxh5 f5 37. Nc3 Rc4 38. Rbb2 fxe4 39. Nxe4 Rxc2+ 40. Rxc2 Rxb5 41. Kg3 Kf5 42. Rd2 Rb7 43. Rd8 Rg7+ 44. Kf2 Be7 45. Re8 Bh4+ 46. Ke3 Rg2 47. h6 Rxa2 48. h7 Ra3+ 49. Ke2 Ra2+ 50. Kd1 Ra1+ 51. Kc2 Bf6 52. Nxf6 1-0

[Event "FRA-ch U16"]
[Site "Saint Paul Trois Chateaux"]
[Date "2013.05.02"]
[Round "5"]
[White "Navarro, Robin"]
[Black "Pruvot, Louis"]
[Result "0-1"]
[WhiteElo "1871"]
[BlackElo "2160"]
[PlyCount "44"]
[EventDate "2013.04.28"]
[EventType "swiss"]
[EventRounds "9"]
[EventCountry "FRA"]
[SourceTitle "CBM 154 Extra"]
[Source "ChessBase"]
[SourceDate "2013.06.25"]
[SourceVersion "2"]
[SourceVersionDate "2013.06.25"]
[SourceQuality "1"]

1. d4 d5 2. Bf4 c5 3. e3 Nc6 4. c3 Nf6 5. Nf3 Qb6 6. Qc1 Bf5 7. Nbd2 Rc8 8. dxc5 Qxc5 9. Nb3 Qb6 10. Qd1 e6 11. Be2 h6 12. a4 Qd8 13. Nbd4 Bh7 14. Nxc6 bxc6 15. Ba6 Be7 16. Bxc8 Qxc8 17. 0-0 0-0 18. Rc1 g5 19. Be5 Nd7 20. Bg3 Bf6 21. Bd6 Rd8 22. Ba3 Nb6 0-1

[Event "FRA-chT U20 GpB 1213"]
[Site "France"]
[Date "2013.01.06"]
[Round "7"]
[White "Kambrath, Yannick"]
[Black "Pruvot, Louis"]
[Result "1-0"]
[WhiteElo "2240"]
[BlackElo "2163"]
[PlyCount "58"]
[EventDate "2012.12.01"]
[EventType "team"]
[EventRounds "7"]
[EventCountry "FRA"]
[SourceTitle "EXT 2014"]
[Source "ChessBase"]
[SourceDate "2013.11.20"]
[SourceVersion "1"]
[SourceVersionDate "2013.11.20"]
[SourceQuality "1"]
[WhiteTeam "Clichy (U20)"]
[BlackTeam "Creteil (U20)"]
[WhiteTeamCountry "FRA"]
[BlackTeamCountry "FRA"]

1. e4 c5 2. Nf3 d6 3. d4 Nf6 4. Nc3 cxd4 5. Nxd4 Nc6 6. Bc4 Qb6 7. Nb3 e6 8. Bf4 Ne5 9. Be2 a6 10. f3 Be7 11. g4 Qc7 12. Qd2 b5 13. 0-0-0 Bb7 14. g5 Nfd7 15. h4 b4 16. Nb1 Rc8 17. h5 Qb6 18. Be3 Nc5 19. Nxc5 dxc5 20. f4 Rd8 21. Qe1 Nc6 22. Rxd8+ Nxd8 23. Nd2 0-0 24. Rg1 e5 25. f5 f6 26. Bc4+ Kh8 27. g6 Re8 28. h6 Bf8 29. hxg7+ Bxg7 1-0

[Event "FRA-chT U20 GpB 1213"]
[Site "France"]
[Date "2013.01.05"]
[Round "6"]
[White "Pruvot, Louis"]
[Black "Stili, Karim"]
[Result "1-0"]
[WhiteElo "2163"]
[BlackElo "1879"]
[PlyCount "133"]
[EventDate "2012.12.01"]
[EventType "team"]
[EventRounds "7"]
[EventCountry "FRA"]
[SourceTitle "EXT 2014"]
[Source "ChessBase"]
[SourceDate "2013.11.20"]
[SourceVersion "1"]
[SourceVersionDate "2013.11.20"]
[SourceQuality "1"]
[WhiteTeam "Creteil (U20)"]
[BlackTeam "Villepinte (U20)"]
[WhiteTeamCountry "FRA"]
[BlackTeamCountry "FRA"]

1. d4 e6 2. c4 d5 3. Nf3 Nf6 4. Bg5 Bb4+ 5. Nc3 dxc4 6. e3 b5 7. Be2 Bb7 8. 0-0 a6 9. a4 Bxc3 10. bxc3 Qd5 11. Bxf6 gxf6 12. Ne1 Qf5 13. Bf3 Bxf3 14. Nxf3 c6 15. Qe2 Qd3 16. Qxd3 cxd3 17. Rfb1 bxa4 18. Ne1 d2 19. Nf3 d1Q+ 20. Rxd1 Nd7 21. Rxa4 0-0 22. Kf1 Rfb8 23. Rda1 Rb6 24. Ke2 Rb2+ 25. Nd2 Nb6 26. R4a2 Rxa2 27. Rxa2 Nd5 28. Kd3 Kf8 29. Ra5 Ke7 30. Ne4 f5 31. Nc5 Nc7 32. c4 Rb8 33. Kc3 Rb6 34. Ra1 f6 35. Nd3 Kd7 36. Nb4 Kc8 37. c5 Rb5 38. Nxc6 Nd5+ 39. Kd3 Kc7 40. Na5 Rb2 41. Rf1 Ra2 42. Nc4 Nb4+ 43. Kc3 a5 44. Kb3 Re2 45. Kc3 Rc2+ 46. Kb3 Re2 47. f3 Nd5 48. Ra1 Nxe3 49. Nxe3 Rxe3+ 50. Kc4 Re2 51. Rxa5 h5 52. Ra7+ Kc6 53. Re7 h4 54. Kd3 Re1 55. Kd2 Rg1 56. Rxe6+ Kd5 57. Rd6+ Kc4 58. c6 Rxg2+ 59. Ke3 Rg8 60. Rd7 Rc8 61. d5 Kc5 62. c7 h3 63. d6 Kc6 64. Rd8 Kb7 65. Rxc8 Kxc8 66. Kf4 Kd7 67. Kg3 1-0

[Event "FRA-chT U20 GpB 1213"]
[Site "France"]
[Date "2013.01.05"]
[Round "5"]
[White "Vuddamalay, Milan"]
[Black "Pruvot, Louis"]
[Result "1-0"]
[WhiteElo "1943"]
[BlackElo "2163"]
[PlyCount "65"]
[EventDate "2012.12.01"]
[EventType "team"]
[EventRounds "7"]
[EventCountry "FRA"]
[SourceTitle "EXT 2014"]
[Source "ChessBase"]
[SourceDate "2013.11.20"]
[SourceVersion "1"]
[SourceVersionDate "2013.11.20"]
[SourceQuality "1"]
[WhiteTeam "Lutece (U20)"]
[BlackTeam "Creteil (U20)"]
[WhiteTeamCountry "FRA"]
[BlackTeamCountry "FRA"]

1. d4 d5 2. c4 e6 3. Nc3 c6 4. Nf3 dxc4 5. e3 b5 6. a4 Bb4 7. Bd2 a5 8. axb5 Bxc3 9. Bxc3 cxb5 10. b3 Bb7 11. bxc4 b4 12. Bb2 Nf6 13. Bd3 Nbd7 14. 0-0 0-0 15. Re1 Ne4 16. Nd2 f5 17. f3 Nxd2 18. Qxd2 Qe7 19. c5 e5 20. Rec1 e4 21. c6 Bxc6 22. Rxc6 exd3 23. Qxd3 a4 24. Qc4+ Kh8 25. Re6 Qf7 26. d5 Rfb8 27. Ra6 Rxa6 28. Qxa6 a3 29. Bd4 Qxd5 30. Rd1 Qf7 31. Qa7 Rf8 32. Bc5 Rd8 33. Bb6 1-0

[Event "Marseille op 5th"]
[Site "Marseille"]
[Date "2012.12.27"]
[Round "3"]
[White "Pruvot, Louis"]
[Black "Milliet, Sophie"]
[Result "1/2-1/2"]
[WhiteElo "2170"]
[BlackElo "2405"]
[PlyCount "104"]
[EventDate "2012.12.26"]
[EventType "swiss"]
[EventRounds "9"]
[EventCountry "FRA"]
[SourceTitle "EXT 2014"]
[Source "ChessBase"]
[SourceDate "2013.11.20"]
[SourceVersion "1"]
[SourceVersionDate "2013.11.20"]
[SourceQuality "1"]

1. d4 Nf6 2. c4 e6 3. Nf3 c5 4. d5 b5 5. dxe6 fxe6 6. cxb5 a6 7. Nc3 axb5 8. Nxb5 Qa5+ 9. Nc3 Bb7 10. e3 Be7 11. Be2 0-0 12. 0-0 d5 13. e4 Nbd7 14. e5 Ne8 15. Qc2 Qc7 16. Nb5 Qb8 17. Bg5 Qd8 18. Bxe7 Qxe7 19. Bd3 g6 20. Rfe1 Ng7 21. a4 c4 22. Bf1 Nc5 23. Nbd4 Nh5 24. b4 cxb3 25. Nxb3 Nxa4 26. Na5 Rxa5 27. Rxa4 Rxa4 28. Qxa4 d4 29. Qxd4 Bxf3 30. gxf3 Nf4 31. Re4 Qg5+ 32. Kh1 Kg7 33. Qd6 Rf7 34. Rc4 Kh6 35. Rc7 Rxc7 36. Qxc7 Qf5 37. Qb8 g5 38. Qh8 Ng6 39. Qf6 Qxe5 40. Qxe5 Nxe5 41. Bh3 Nxf3 42. Bxe6 Kg6 43. Kg2 Nd4 44. Bd7 Kf6 45. Kg3 h5 46. Be8 Nf5+ 47. Kh3 Ng7 48. Bd7 Ke5 49. Kg3 Nf5+ 50. Bxf5 Kxf5 51. h4 gxh4+ 52. Kxh4 Kf4 1/2-1/2

[Event "Marseille op 5th"]
[Site "Marseille"]
[Date "2012.12.26"]
[Round "1"]
[White "Pruvot, Louis"]
[Black "Sage, Jean Claude"]
[Result "1-0"]
[WhiteElo "2170"]
[BlackElo "1630"]
[PlyCount "39"]
[EventDate "2012.12.26"]
[EventType "swiss"]
[EventRounds "9"]
[EventCountry "FRA"]
[SourceTitle "EXT 2014"]
[Source "ChessBase"]
[SourceDate "2013.11.20"]
[SourceVersion "1"]
[SourceVersionDate "2013.11.20"]
[SourceQuality "1"]

1. d4 d5 2. c4 Nf6 3. cxd5 Nxd5 4. e4 Nf6 5. Nc3 a6 6. Nf3 Bg4 7. Be2 Nc6 8. d5 Bxf3 9. gxf3 Ne5 10. f4 Ng6 11. Qb3 b5 12. e5 Nd7 13. Be3 Nh4 14. e6 fxe6 15. dxe6 Ng2+ 16. Kf1 Nxe3+ 17. fxe3 Nc5 18. Qc2 Rg8 19. Qf5 Qd6 20. Qf7+ 1-0

[Event "Paris-ch op-B 87th"]
[Site "Paris"]
[Date "2012.07.13"]
[Round "7"]
[White "Louis, Thibault"]
[Black "Pruvot, Louis"]
[Result "1/2-1/2"]
[WhiteElo "2151"]
[BlackElo "2100"]
[PlyCount "107"]
[EventDate "2012.07.07"]
[EventType "swiss"]
[EventRounds "9"]
[EventCountry "FRA"]
[SourceTitle "EXT 2013"]
[Source "ChessBase"]
[SourceDate "2012.11.22"]
[SourceVersion "1"]
[SourceVersionDate "2012.11.22"]
[SourceQuality "1"]

1. e4 e5 2. Nf3 Nc6 3. Bb5 a6 4. Bxc6 dxc6 5. 0-0 Bg4 6. h3 Bh5 7. g4 Bg6 8. Nxe5 Qh4 9. Qf3 f6 10. Nxg6 hxg6 11. Kg2 g5 12. d3 Ne7 13. Rh1 0-0-0 14. Nc3 Kb8 15. Be3 Ng6 16. Kf1 Bd6 17. Ke2 Rhe8 18. Raf1 Qh7 19. Kd1 Qg8 20. Kc1 Bb4 21. Bd2 Bxc3 22. Bxc3 Qxa2 23. Kd2 Qa4 24. Re1 Nh4 25. Qg3 Ng6 26. e5 fxe5 27. Bxe5 Nxe5 28. Rxe5 Qd4 29. Rhe1 Rxe5 30. Qxe5 Qxf2+ 31. Re2 Qf7 32. Qxg5 Rf8 33. Qe5 g6 34. h4 Qf3 35. Qg5 Rh8 36. Qxg6 Rxh4 37. Qe8+ Ka7 38. g5 Rg4 39. Qe5 Qf8 40. c3 Qg8 41. Kc2 Qxg5 42. Qxc7 Rg1 43. Rd2 Qg4 44. Qa5 b6 45. Qa3 a5 46. c4 Qh4 47. Qd6 Qe1 48. Qc7+ Ka6 49. Qc8+ Ka7 50. Qc7+ Ka6 51. Qc8+ Ka7 52. Qc7+ Ka6 53. Qc8+ Ka7 54. Qc7+ 1/2-1/2

[Event "Le Touquet op 26th"]
[Site "Le Touquet"]
[Date "2011.10.23"]
[Round "2"]
[White "De Bonnieres, Philippe"]
[Black "Pruvot, Louis"]
[Result "0-1"]
[WhiteElo "1990"]
[BlackElo "2072"]
[PlyCount "72"]
[EventDate "2011.10.22"]
[EventType "swiss"]
[EventRounds "9"]
[EventCountry "FRA"]
[SourceTitle "EXT 2012"]
[Source "ChessBase"]
[SourceDate "2011.11.24"]
[SourceVersion "1"]
[SourceVersionDate "2011.11.24"]
[SourceQuality "1"]

1. e4 e5 2. Nf3 Nc6 3. c3 d5 4. Qa4 Nf6 5. Nxe5 Bd6 6. Nxc6 bxc6 7. d4 dxe4 8. Bg5 0-0 9. Be2 Bd7 10. Qc2 Re8 11. Nd2 h6 12. Bxf6 Qxf6 13. Nc4 Qg5 14. Nxd6 cxd6 15. g3 Bh3 16. Bf1 Bf5 17. h4 Qf6 18. Bh3 Bxh3 19. Rxh3 e3 20. f4 Re7 21. Qe2 Rae8 22. Kf1 Re4 23. Kg2 c5 24. d5 Qf5 25. Rd1 Ra4 26. b3 Qe4+ 27. Kg1 Ra3 28. Rh2 c4 29. Rd4 Qb1+ 30. Rd1 Qg6 31. Qxc4 Qxg3+ 32. Rg2 Qxh4 33. Qb5 Re7 34. Qb8+ Kh7 35. Qxd6 e2 36. Rxe2 Rxe2 0-1

[Event "FRA-ch U14"]
[Site "Montlucon"]
[Date "2011.04.18"]
[Round "2"]
[White "Trogno, Lucas"]
[Black "Pruvot, Louis"]
[Result "0-1"]
[WhiteElo "1750"]
[BlackElo "1973"]
[PlyCount "66"]
[EventDate "2011.04.17"]
[EventType "swiss"]
[EventRounds "9"]
[EventCountry "FRA"]
[SourceTitle "CBM 142 Extra"]
[Source "ChessBase"]
[SourceDate "2011.06.27"]
[SourceVersion "1"]
[SourceVersionDate "2011.06.27"]
[SourceQuality "1"]

1. e4 e5 2. Nf3 Nc6 3. d4 exd4 4. Nxd4 Bc5 5. Be3 Qf6 6. c3 Nge7 7. Bc4 b6 8. 0-0 Bb7 9. Nxc6 Qxc6 10. Bxc5 Qxc5 11. Qd3 Ng6 12. Ba6 Nf4 13. Qc4 Bxa6 14. Qxa6 0-0 15. Nd2 Nxg2 16. Kxg2 Qg5+ 17. Kh1 Qxd2 18. Qb5 c6 19. Qf5 Rae8 20. Rg1 Re6 21. Rad1 Qxb2 22. Rxd7 Rg6 23. Rxg6 hxg6 24. Qe5 Qxf2 25. Qg3 Qf1+ 26. Qg1 Qf3+ 27. Qg2 Qxc3 28. Rxa7 Rd8 29. Qf1 f6 30. Rb7 Qc2 31. Rxb6 Rd1 32. Qxd1 Qxd1+ 33. Kg2 Qe2+ 0-1